|
|
|
|
| LEADER |
01012nab#a2200373#ar4500 |
| 001 |
000112349 |
| 003 |
SVKKK |
| 005 |
20140218103631.0 |
| 008 |
140218c2013 xo |||||||||||||||b|slo |
| FMT |
|
|
|
| 015 |
|
|
|a SNBRB2014/02
|
| 038 |
|
|
|a SVKKK
|
| 040 |
|
|
|a SVKKK
|b slo
|e AACR2
|
| 041 |
0 |
|
|a slo
|
| 044 |
|
|
|a xo
|c SK
|
| 080 |
|
|
|a 502
|2 2008
|
| 080 |
|
|
|a 712.25
|2 2008
|
| 100 |
1 |
|
|a Zaťko, Miroslav
|4 aut
|
| 245 |
1 |
0 |
|a Environment Panónie a Balatónu uspokojí aj náročných
|c Miroslav Zaťko
|
| 300 |
|
|
|b Fotogr.
|
| 650 |
0 |
4 |
|a životné prostredie
|
| 650 |
0 |
4 |
|a prírodné parky
|
| 650 |
0 |
4 |
|a voda
|
| 651 |
|
4 |
|a Balatón (Maďarsko)
|
| 651 |
|
4 |
|a Budapešť (Maďarsko)
|
| 773 |
0 |
|
|t Enviromagazín : odborno-náučný časopis o životnom prostredí
|g Roč. 18, č. 4 (2013), s. 30-31
|x 1335-1877
|
| 958 |
|
|
|a HU
|
| 974 |
|
|
|a Va
|
| 992 |
|
|
|a RBX
|
| BAS |
|
|
|
| 856 |
4 |
1 |
|a http://www.enviromagazin.sk/enviro2013/enviro4/18_environment.pdf
|
| 852 |
|
|
|a SVKKK
|b BIB
|
| EXP |
|
|
|
| 998 |
|
|
|a SLO
|